|
|
|
|
| LEADER |
01165nam a2200337 a 4500 |
| 001 |
000638007 |
| 003 |
CZ BrMZK |
| 005 |
20090610133759.0 |
| 007 |
ta |
| 008 |
021125s2002 xr e cze d |
| 015 |
|
|
|a cnb001190322
|
| 020 |
|
|
|a 80-244-0514-8
|
| 035 |
|
|
|a (OCoLC)53261497
|
| 040 |
|
|
|a BOA001
|b cze
|
| 072 |
|
7 |
|a 796
|x Sport. Hry. Tělesná cvičení
|2 Konspekt
|9 20
|
| 080 |
|
|
|a 796.012
|2 MRF
|
| 080 |
|
|
|a 378.2
|2 MRF
|
| 080 |
|
|
|a (072)
|2 MRF
|
| 100 |
1 |
|
|a Frömel, Karel,
|d 1941-
|7 jn20000400731
|4 aut
|
| 245 |
1 |
0 |
|a Kompendium psaní a publikování v kinantropologii /
|c Karel Frömel
|
| 250 |
|
|
|a 1. vyd.
|
| 260 |
|
|
|a Olomouc :
|b Univerzita Palackého,
|c 2002
|
| 300 |
|
|
|a 126 s. :
|b il. ;
|c 29 cm
|
| 504 |
|
|
|a Obsahuje bibliografii a rejstřík
|
| 650 |
0 |
7 |
|a antropomotorika
|7 ph118534
|2 czenas
|
| 650 |
0 |
7 |
|a odborné písemné práce
|7 ph115556
|2 czenas
|
| 655 |
|
7 |
|a metodické příručky
|7 fd132826
|2 czenas
|
| 710 |
2 |
|
|a Univerzita Palackého.
|b Fakulta tělesné kultury
|7 kn20010709371
|
| 910 |
|
|
|a BOA001
|b 3-1109.715
|
| 990 |
|
|
|a BK
|
| 996 |
6 |
|
|b 2610175291
|c 3-1109.715
|l MZK
|r Sklad / do 1 hodiny
|n 25
|p kup
|w 000638007
|u 000020
|a 1
|e BOA001
|j MZK50
|s P
|